Statistics for 3rd and 4th generation K-pop Girl Groups

Click here to take the quiz!

General Stats

  • This quiz has been taken 371 times
  • The average score is 14 of 21

Answer Stats

MembersGroup% Correct
Lisa, Jennie, Jisoo, RoséBLACKPINK
100%
Nayeon, Momo, Jihyo, Sana, Chaeyoung, Dahyun, Mina, Tzuyu, JeongyeonTWICE
99%
Karina, Giselle, Winter, NingningAespa
98%
Irene, Seulgi, Joy, Yeri, WendyRed Velvet
98%
Lia, Yeji, Chaeryeong, Yuna, RyujinITZY
97%
Soyeon, Miyeon, Soojin, Yuqi, Minnie, Shuhua(G)I-DLE
94%
Moonbyul, Solar, Hwasa, WheeinMAMAMOO
94%
Wonyoung, Chaeyeon, Sakura, Yuri, Yena, Yujin, Nako, Minjoo, Eunbi, Hitomi, Chaewon, HyewonIZ*ONE
90%
HeeJin, HyunJin, Haseul, YeoJin, ViVi, Kim Lip, JinSoul, Choerry, Yves, Chuu, Go Won, Olivia HyeLOONA
81%
Aisha, Sihyeon, Yiren, Onda, E:U, MiaEVERGLOW
77%
Yujin, Sorn, Yeeun, Elkie, Eunbin, Seunghee, SeongyeonCLC
71%
Eunha, Yerin, Sojung, Yuju, SinB, UmjiGFRIEND
71%
Yoojung, Somi, Chungha, Doyeon, Sejeong, Mina, Kyulkyung, Nayoung, Chaeyeon, Sohye, YeonjungI.O.I
70%
Dami, Sua, Siyeon, JiU, Handong, Yoohyeon, GahyeonDreamcatcher
64%
Arin, YooA, Binnie, Jiho, JinE, Mimi, Seunghee, HyojungOh My Girl
63%
GoEun, ChaeIn, Dosie, JiEun, Ireh, Yuki, SwanPURPLE KISS
41%
Doyeon, Yoojung, Sooyeon, Lua, Lucy, Sei, Elli, RinaWeki Meki
39%
Jinny, Denise, Dita, Léa, SoodamSECRET NUMBER
32%
Ella, Lola, Satbyeol, Dia, Sua, DajeongPIXY
21%
Songsun, Hyunbin, Mire, Jinha, Jia, Kelly, SoeunTRI.BE
18%
Eseo, Taeryeong, Jian, YuuriLUNARSOLAR
11%

Score Distribution

Percentile by Number Answered

Percent of People with Each Score

Your Score History

You have not taken this quiz